| 000 -ლიდერი |
| ფიქსირებული სიგრძის საკონტროლო ველი |
01655nam a22002417a 4500 |
| 003 - საკონტროლო ნომრის იდენტიფიკატორი |
| საკონტროლო ველი |
Ge_BSU |
| 005 - ბოლო ოპერაციის თარიღი და დრო |
| საკონტროლო ველი |
20230330154739.0 |
| 008 - ფიქსირებული სიგრძის მონაცემთა ელემენტები - ზოგადი ინფორმაცია |
| ფიქსირებული სიგრძის საკონტროლო ველი |
230330s2002 ge ||||| |||| 00| 0 geo d |
| 020 ## - წიგნის საერთაშორისო სტანდარტული ნომერი |
| International Standard Book Number |
75895748975947 |
| 041 ## - ენის კოდი |
| Language code of text/sound track or separate title |
geo |
| 080 ## - უნივერსალური ათობითი კლასიფიკაციის ინდექსი |
| Universal Decimal Classification number |
631.35 კ-56 |
| 100 ## - მთავარი ჩანაწერი - პიროვნების სახელი |
| Personal name |
კიტინოია, ლიზა |
| 9 (RLIN) |
17381 |
| 245 ## - ცნობა სათაურის შესახებ |
| Title |
მოსავლის აღების შემდგომი დამუშავების მეთოდები სახელმძღვანელო სამებაღეო კულტურებისათვის : |
| Remainder of title |
სახელმძღვანელო სამებაღეო კულტურებისათვის / |
| Statement of responsibility, etc |
ლიზა კიტინოია და ადელ ა. ქადენი. |
| 250 ## - გამოცემის ცნობა |
| Edition statement |
მეოთხე გამოცემა |
| 264 ## - წარმოების, გამოცემის, დისტრიბუციის და სხვა ცნობები |
| გამოცემის, წარმოების, დისტრიბუციის... ადგილი |
[თბილისი], |
| გამოცემის, წარმოების, დისტრიბუციის... თარიღი |
2002. |
| 300 ## - ფიზიკური აღწერა |
| Extent |
176 გვ.; |
| Other physical details |
21 სმ. |
| 500 ## - ზოგადი შენიშვნა |
| General note |
სახელმძღვანელო ნათარგმია ამერიკის შეერთებული შტატების საერთაშორისო განვითარების (USAID) სასოფლო-სამეურნეო წარმოების ეფექტიანობის პროექტის ფარგლებში |
| 504 ## - BIBLIOGRAPHY, ETC. NOTE |
| Bibliography, etc |
ბიბლიოგრ. გვ. 175-176 |
| 653 ## - INDEX TERM--UNCONTROLLED |
| Uncontrolled term |
მოსავლის აღების მეთოდები |
| 653 ## - INDEX TERM--UNCONTROLLED |
| Uncontrolled term |
სამებარეო კულტურები |
| 700 ## - ADDED ENTRY--PERSONAL NAME |
| Personal name |
ქადენი, ადელ ა. |
| Relator term |
ავტორი |
| 9 (RLIN) |
17382 |
| 942 ## - ADDED ENTRY ELEMENTS (KOHA) |
| Source of classification or shelving scheme |
|
| Koha item type |
წიგნი |